Anatomia do coração - Statistics

Estatísticas Gerais
  • Esse quiz foi jogado 136 vezes
  • A pontuação média é 3 de 17
Estatísticas das Respostas
Imagem Resposta % Correto
Veia cava superior
91%
Atrío direito
41%
Veia pulmonar inferior direita
30%
Veia pulmonar superior direita
30%
Artéria pulmonar direita
26%
Sulco coronário
16%
Veia cava inferior
16%
Ventrículo esquerdo
16%
Átrío esquerdo
13%
Aorta
12%
Seio coronário
11%
Veia pulmonar inferior esquerda
9%
Veia pulmonar superior esquerda
9%
Artéria pulmonar esquerda
5%
Sulco interventricular posterior
5%
Ventrículo direito
4%
Ramo interventricular posterior da coronaria direita
3%
Nenhum quiz correspondente encontrado
Distribuição das Pontuações
Porcentagem de Pessoas com Cada Pontuação
Percentil de Números Respondidos
Sua Pontuação Histórica
Você não jogou esse quiz